[Event "42nd Bosna it"]
[Site "Sarajevo YUG"]
[Date "2012.05.06"]
[Round "2.12"]
[White "Kurajica, Bojan"]
[Black "Nestorovic, Dejan"]
[Result "1-0"]
[WhiteElo "2556"]
[BlackElo "2390"]
[EventDate "2012.05.05"]
[PlyCount "75"]

1.Nf3 Nf6 2.d4 g6 3.g3 Bg7 4.Bg2 d5 5.O-O O-O 6.c4 dxc4 7.Na3 c3 8.bxc3 c5
9.Qb3 Nc6 10.Rd1 Na5 11.Qb2 cxd4 12.cxd4 Be6 13.Ne5 Bd5 14.f3 b6 15.e4 Bb7
16.Bd2 Nc6 17.Bc3 Rc8 18.Bh3 Rb8 19.d5 Nxe5 20.Bxe5 Ne8 21.Bxg7 Nxg7 22.
Nc4 Bc8 23.Bxc8 Rxc8 24.Ne5 Rc7 25.Rac1 Rxc1 26.Rxc1 e6 27.Nc6 Qd7 28.Qa3 
Ra8 29.d6 Ne8 30.Ne7+ Kg7 31.e5 f6 32.f4 a5 33.Qf3 Ra7 34.Nc8 Rb7 35.Qc6 
b5 36.Qxd7+ Rxd7 37.Nb6 Rd8 38.Rc8 1-0

[Event "42nd Bosna it"]
[Site "Sarajevo YUG"]
[Date "2012.05.06"]
[Round "2.13"]
[White "Tomic, Bosko"]
[Black "Savic, Miodrag"]
[Result "0-1"]
[WhiteElo "2418"]
[BlackElo "2515"]
[EventDate "2012.05.05"]
[PlyCount "92"]

1.e4 d5 2.exd5 Qxd5 3.Nc3 Qa5 4.d4 c6 5.Bc4 Bf5 6.Ne2 e6 7.Ng3 Bg6 8.O-O 
Nf6 9.Qe2 Nbd7 10.Nce4 Nxe4 11.Nxe4 Be7 12.c3 O-O 13.Bf4 Nb6 14.Bd6 Rfe8 
15.Bxe7 Rxe7 16.Nc5 Rae8 17.f4 Nxc4 18.Qxc4 b6 19.Nb3 Qd5 20.Qe2 Rd8 21.
Rae1 f6 22.f5 Bf7 23.c4 Qd7 24.fxe6 Rxe6 25.Qd3 Rde8 26.Qh3 Qe7 27.Rxe6 
Bxe6 28.Qd3 Bf7 29.Nd2 Qb4 30.Qc3 Qxc3 31.bxc3 Re3 32.Rf3 Rxf3 33.gxf3 g5 
34.a3 Kg7 35.Kf2 Kg6 36.Ke3 h5 37.Ke4 Be8 38.d5 Kf7 39.Nb3 c5 40.Nd2 Ke7 
41.Kf5 Kf7 42.Nf1 Bd7+ 43.Ke4 Kg6 44.Ne3 h4 45.f4 g4 46.Kd3 f5 {Time} 0-1

[Event "42nd Bosna it"]
[Site "Sarajevo YUG"]
[Date "2012.05.06"]
[Round "2.14"]
[White "Postny, Evgeny"]
[Black "Rasidovic, Sead"]
[Result "1-0"]
[WhiteElo "2651"]
[BlackElo "2359"]
[EventDate "2012.05.05"]
[PlyCount "74"]

1.d4 e6 2.c4 f5 3.g3 Nf6 4.Bg2 Be7 5.Nh3 O-O 6.O-O Qe8 7.b3 d6 8.Bb2 Nc6 
9.d5 Nd8 10.dxe6 Nxe6 11.Nc3 c6 12.e3 Nc5 13.Qd4 Qh5 14.Nf4 Qh6 15.h4 Nfe4
16.Bxe4 fxe4 17.Nxe4 Bf5 18.Nxc5 dxc5 19.Qd2 Bg4 20.f3 Bf5 21.Rad1 Rae8 
22.Rf2 Rd8 23.Qe1 Rxd1 24.Qxd1 Bd6 25.Kg2 Bc8 26.Qd3 Bc7 27.Rd2 Re8 28.Qc3
Kf7 29.Qd3 g6 30.Rd1 Bf5 31.e4 Bc8 32.Nh3 Qf8 33.Qe3 Kg8 34.Nf2 h6 35.e5 
Kh7 36.Ne4 Bd8 37.Nd6 Be6 1-0

[Event "42nd Bosna it"]
[Site "Sarajevo YUG"]
[Date "2012.05.06"]
[Round "2.15"]
[White "Dizdarevic, Emir"]
[Black "Mestrovic, Zvonimir"]
[Result "1-0"]
[WhiteElo "2462"]
[BlackElo "2357"]
[EventDate "2012.05.05"]
[PlyCount "61"]

1.Nf3 Nc6 2.d4 d6 3.g3 Bd7 4.d5 Nb8 5.e4 c6 6.Bg2 Nf6 7.Nc3 cxd5 8.exd5 g6
9.O-O Bg7 10.Re1 O-O 11.Ne4 Na6 12.Nxf6+ Bxf6 13.Bg5 Rc8 14.c3 Bxg5 15.
Nxg5 Nc5 16.Qd2 Bf5 17.h4 Qd7 18.Re3 f6 19.Nf3 Rf7 20.Rae1 Rc7 21.Nd4 a6 
22.Kh2 Qc8 23.b3 Rg7 24.c4 Kf8 25.a4 g5 26.hxg5 Rxg5 27.Qe2 Qe8 28.a5 Qh5+
29.Qxh5 Rxh5+ 30.Kg1 Nd3 31.Rxd3 1-0

[Event "42nd Bosna it"]
[Site "Sarajevo YUG"]
[Date "2012.05.06"]
[Round "2.16"]
[White "Sutkovic, Damir"]
[Black "Smith, Bryan Garrett"]
[Result "0-1"]
[WhiteElo "2357"]
[BlackElo "2444"]
[EventDate "2012.05.05"]
[PlyCount "104"]

1.d4 Nf6 2.c4 e6 3.Nc3 Bb4 4.a3 Bxc3+ 5.bxc3 c5 6.e3 Nc6 7.Nf3 d6 8.Bd3 e5
9.e4 cxd4 10.cxd4 Bg4 11.d5 Nd4 12.Qa4+ b5 13.cxb5 Bxf3 14.gxf3 Nxf3+ 15.
Kf1 Nd7 16.Be3 O-O 17.Rc1 Qh4 18.Qb4 Nf6 19.h3 Ng4 20.Kg2 Nxe3+ 21.Kxf3 
Qf4+ 22.Ke2 Ng2 23.Rc6 Nh4 24.Rf1 Nf3 25.Rxd6 f5 26.exf5 Nd4+ 27.Kd1 e4 
28.Qxd4 Qxd6 29.Rg1 Rf7 30.Bxe4 Rc8 31.Rg3 Qf4 32.Qe3 Qe5 33.Ke2 Re7 34.
Rg4 h5 35.Rf4 Rc4 36.f6 gxf6 37.Bh7+ Kxh7 38.Rxc4 Qb2+ 39.Kd3 Rxe3+ 40.
Kxe3 Qe5+ 41.Re4 Qxd5 42.a4 Kg6 43.h4 f5 44.Rd4 Qe5+ 45.Kd3 f4 46.Rb4 Qd5+
47.Kc3 Qc5+ 48.Kb3 Qxf2 49.a5 Qe3+ 50.Ka4 f3 51.b6 axb6 52.axb6 f2 0-1

[Event "42nd Bosna it"]
[Site "Sarajevo YUG"]
[Date "2012.05.06"]
[Round "2.17"]
[White "Antipov, Mikhail"]
[Black "Nikolova, Adriana"]
[Result "1/2-1/2"]
[WhiteElo "2433"]
[BlackElo "2345"]
[EventDate "2012.05.05"]
[PlyCount "88"]

1.d4 Nf6 2.c4 c5 3.d5 e6 4.Nc3 exd5 5.cxd5 Bd6 6.Nf3 O-O 7.Nd2 Bc7 8.Nc4 
d6 9.g3 Ba5 10.Bf4 Ne8 11.Nxa5 Qxa5 12.Bg2 b5 13.O-O Nd7 14.e4 b4 15.Nb1 
Ba6 16.Re1 Ne5 17.Bxe5 dxe5 18.Qh5 f6 19.Bh3 g6 20.Qh6 Nd6 21.Nd2 c4 22.
Nf3 Bc8 23.Bf1 c3 24.bxc3 bxc3 25.Qe3 Bg4 26.h3 Bxf3 27.Qxf3 Kg7 28.h4 
Rac8 29.Rac1 c2 30.Bd3 Rc3 31.Re2 Qa3 32.Rexc2 Rxd3 33.Qe2 Rd4 34.Rc3 Rxe4
35.Qd2 Qb4 36.a3 Qd4 37.Rd3 Qb6 38.Rc6 Qb8 39.Qc2 Re1+ 40.Kh2 Rf7 41.Rb3 
Qd8 42.Rb4 Nf5 43.Qd2 Ra1 44.Rc3 Nd4 1/2-1/2

[Event "42nd Bosna it"]
[Site "Sarajevo YUG"]
[Date "2012.05.06"]
[Round "2.19"]
[White "Bejtovic, Jasmin"]
[Black "Ivanov, Stojan"]
[Result "1/2-1/2"]
[WhiteElo "2391"]
[BlackElo "2263"]
[EventDate "2012.05.05"]
[PlyCount "120"]

1.c4 c6 2.d4 d5 3.Nf3 Nf6 4.e3 Bf5 5.Nc3 e6 6.Nh4 Bg4 7.Qb3 Qb6 8.h3 Bh5 
9.g4 Bg6 10.Nxg6 hxg6 11.Bg2 Be7 12.Bd2 Na6 13.c5 Qxb3 14.axb3 e5 15.f4 
exd4 16.exd4 Nc7 17.O-O a6 18.Rfe1 Kf8 19.Re2 Re8 20.b4 Ne6 21.Be3 Bd8 22.
Rf1 Kg8 23.f5 gxf5 24.Rxf5 Nf8 25.Bf2 Rxe2 26.Nxe2 g6 27.Rf3 Ne6 28.Be3 
Kg7 29.Nf4 Ng5 30.Rf1 Nfe4 31.Bxe4 Nxe4 32.Kg2 Bg5 33.Rf3 Bxf4 34.Bxf4 f6 
35.Re3 Kf7 36.Re2 g5 37.Bc7 Rc8 38.Bg3 Kg6 39.Re1 Rh8 40.Bc7 Rf8 41.Re2 
Rf7 42.Bg3 f5 43.gxf5+ Rxf5 44.Re3 Kh5 45.Be1 Rf4 46.Rf3 Rxf3 47.Kxf3 Kg6 
48.Kg4 Nf6+ 49.Kf3 Kf5 50.Bd2 g4+ 51.hxg4+ Nxg4 52.Bc1 Nf6 53.Bd2 Ne8 54.
Bh6 Nc7 55.Bd2 Ne6 56.Be3 Nf8 57.Bf2 Nd7 58.Bh4 Nf8 59.Bf2 Ng6 60.Bg3 Nf8 
1/2-1/2

[Event "42nd Bosna it"]
[Site "Sarajevo YUG"]
[Date "2012.05.06"]
[Round "2.20"]
[White "Bistric, Faruk"]
[Black "Batricevic, Sasa"]
[Result "0-1"]
[WhiteElo "2383"]
[BlackElo "2224"]
[EventDate "2012.05.05"]
[PlyCount "150"]

1.e4 c5 2.Nf3 Nc6 3.Bb5 a6 4.Bxc6 dxc6 5.O-O Qc7 6.a4 a5 7.d3 e5 8.Nh4 Be7
9.Nf5 Bxf5 10.exf5 Qd7 11.Qf3 g6 12.Re1 f6 13.fxg6 hxg6 14.Nd2 Nh6 15.Nc4 
Qf5 16.Qg3 O-O-O 17.Bd2 Rd4 18.f3 Nf7 19.Re4 Qh5 20.Rae1 f5 21.Rxe5 Nxe5 
22.Qxe5 Bd8 23.h3 Bc7 24.Qxc5 Qh4 25.Re6 Rhd8 26.Be1 Qf4 27.Kf1 Qh2 28.Re7
Qh1+ 29.Kf2 R4d7 30.Rxd7 Rxd7 31.Bxa5 Qd1 32.Nb6+ Bxb6 33.Bxb6 Qd2+ 34.Kg1
Qc1+ 35.Kf2 Qd2+ 36.Kg3 Qg5+ 37.Kh2 Qf4+ 38.Kh1 Qc1+ 39.Qg1 Qd2 40.Qc5 
Qc1+ 41.Qg1 Qd2 42.a5 Re7 43.Qd4 Qe1+ 44.Kh2 Qe5+ 45.f4 Qxd4 46.Bxd4 Re2 
47.Kg3 Rxc2 48.Kf3 Rd2 49.Bc3 Rxd3+ 50.Ke2 Rd7 51.Kf3 Rh7 52.Ke3 Kd7 53.
Kd4 Re7 54.Kc5 Re2 55.Kb6 Kc8 56.g4 Rh2 57.a6 bxa6 58.Kxc6 Rxh3 59.g5 Rd3 
60.Be5 Kd8 61.Kb6 Kd7 62.Kxa6 Kc6 63.Ka5 Rb3 64.Ka4 Rb7 65.b4 Ra7+ 66.Kb3 
Kb5 67.Kc3 Rd7 68.Bd4 Rc7+ 69.Kb3 Rc4 70.Be5 Rxb4+ 71.Kc3 Kc5 72.Kd3 Kd5 
73.Bc7 Rb3+ 74.Ke2 Ke4 75.Be5 Rf3 0-1

[Event "42nd Bosna it"]
[Site "Sarajevo YUG"]
[Date "2012.05.06"]
[Round "3.1"]
[White "Melkumian, Hrant"]
[Black "Yilmaz, Mustafa"]
[Result "1-0"]
[WhiteElo "2642"]
[BlackElo "2536"]
[EventDate "2012.05.05"]
[PlyCount "91"]

1.e4 c5 2.Nf3 d6 3.d4 cxd4 4.Nxd4 Nf6 5.Nc3 a6 6.Be3 e6 7.f3 b5 8.g4 b4 9.
Nce2 e5 10.Nb3 Nc6 11.Ng3 Be6 12.g5 Nd7 13.Qd2 Qb8 14.Rd1 g6 15.h4 a5 16.
Bh3 Be7 17.Bxe6 fxe6 18.h5 Rg8 19.Qd3 a4 20.Nd2 Nd4 21.Kf2 Qb5 22.Qxb5 
Nxb5 23.hxg6 hxg6 24.Nc4 Ra6 25.Ne2 Nc7 26.Bd2 d5 27.Ne3 Rc6 28.exd5 exd5 
29.c3 bxc3 30.bxc3 Kf7 31.Ng4 Ke6 32.Rhe1 Kd6 33.Nd4 Rb6 34.Nxe5 Nxe5 35.
Bf4 Kd7 36.Bxe5 Rb2+ 37.Kg3 Bd8 38.c4 Rxa2 39.cxd5 Na6 40.Ne6 Re8 41.Nxd8 
Kxd8 42.Rb1 Rc2 43.Rb6 Nc5 44.Rxg6 Nd7 45.Re6 Rg8 46.Bf4 1-0

[Event "42nd Bosna it"]
[Site "Sarajevo YUG"]
[Date "2012.05.06"]
[Round "3.2"]
[White "Kovacevic, Aleksandar"]
[Black "Lajthajm, Borko"]
[Result "1-0"]
[WhiteElo "2557"]
[BlackElo "2493"]
[EventDate "2012.05.05"]
[PlyCount "119"]

1.e4 e5 2.Nf3 Nc6 3.Bc4 Nf6 4.Ng5 d5 5.exd5 Na5 6.Bb5+ c6 7.dxc6 bxc6 8.
Bd3 Bc5 9.O-O Bg4 10.Be2 Bf5 11.d3 h6 12.Nf3 Qc7 13.Bd2 Bd6 14.Bc3 Nd5 15.
Bxa5 Qxa5 16.Nbd2 Nb6 17.Nb3 Qa4 18.d4 e4 19.Nfd2 O-O 20.c4 Nd7 21.f3 exf3
22.Bxf3 Bd3 23.Be2 Bg6 24.Bh5 Bd3 25.Rxf7 Nf6 26.Rxf8+ Rxf8 27.Be2 Bg6 28.
Bf3 Qb4 29.Qe2 Bf4 30.Re1 Bxd2 31.Qxd2 Qxc4 32.Rc1 Qa4 33.Qa5 Qb5 34.Bxc6 
Qb8 35.Bf3 Bf7 36.Qc3 Nd5 37.Qd2 Nb4 38.Nc5 Nxa2 39.Re1 Rd8 40.Nb7 Rd7 41.
Nc5 Rd8 42.Re7 Qd6 43.Qe3 Qxd4 44.Qxd4 Rxd4 45.Rxa7 Nb4 46.Rb7 Rc4 47.Rb8+
Kh7 48.Nd7 Nd3 49.h3 h5 50.Kh2 Rd4 51.Rb7 Kg8 52.Rb8+ Kh7 53.Rd8 Rb4 54.
Nf8+ Kg8 55.Ne6+ Kh7 56.Ng5+ Kg6 57.Nxf7 Nxb2 58.Ne5+ Kf6 59.Nd3 Nxd3 60.
Rxd3 1-0

[Event "42nd Bosna it"]
[Site "Sarajevo YUG"]
[Date "2012.05.06"]
[Round "3.3"]
[White "Erdos, Viktor"]
[Black "Kurajica, Bojan"]
[Result "1-0"]
[WhiteElo "2624"]
[BlackElo "2556"]
[EventDate "2012.05.05"]
[PlyCount "83"]

1.d4 Nf6 2.c4 e6 3.g3 Bb4+ 4.Bd2 a5 5.Bg2 d5 6.Nf3 O-O 7.O-O b6 8.Bg5 Be7 
9.Nc3 Bb7 10.Bxf6 Bxf6 11.cxd5 exd5 12.Rc1 Na6 13.Qb3 c5 14.Na4 Bc6 15.
dxc5 Bxa4 16.Qxa4 bxc5 17.Rfd1 Bxb2 18.Rb1 Rb8 19.e4 d4 20.Qc4 Qf6 21.e5 
Qe6 22.Nd2 Rb4 23.Qxe6 fxe6 24.Bf1 Nc7 25.Nc4 Bc3 26.a3 Rbb8 27.h4 Rxb1 
28.Rxb1 d3 29.Bxd3 Bd4 30.Kg2 Rxf2+ 31.Kh3 g6 32.Rb8+ Rf8 33.Rb6 a4 34.Bc2
Rf2 35.Bxa4 h5 36.Rb8+ Rf8 37.Rxf8+ Kxf8 38.Bc2 Kg7 39.a4 Nd5 40.Bb3 Ne3 
41.Nxe3 Bxe3 42.a5 1-0

[Event "42nd Bosna it"]
[Site "Sarajevo YUG"]
[Date "2012.05.06"]
[Round "3.5"]
[White "Savic, Miodrag"]
[Black "Kozul, Zdenko"]
[Result "0-1"]
[WhiteElo "2515"]
[BlackElo "2593"]
[EventDate "2012.05.05"]
[PlyCount "108"]

1.e4 c5 2.Nf3 d6 3.Bc4 e6 4.O-O Nf6 5.Re1 Be7 6.Bb3 b5 7.c3 Bb7 8.d3 Nbd7 
9.Nbd2 Rc8 10.Bc2 Qc7 11.Nf1 O-O 12.h3 Rfd8 13.Qe2 b4 14.Bd2 bxc3 15.bxc3 
Ba6 16.c4 Nb8 17.Ba4 Nfd7 18.Ne3 Bb7 19.Bc3 Bc6 20.Bxc6 Nxc6 21.Rab1 Bf6 
22.Bxf6 Nxf6 23.Rb2 Rb8 24.Reb1 Nd7 25.Nd1 Rxb2 26.Rxb2 Rb8 27.Qd2 h6 28.
Kf1 Nde5 29.Ne1 Rxb2 30.Nxb2 Nd4 31.Nc2 Nxc2 32.Qxc2 Qa5 33.Nd1 Nc6 34.Nc3
Nb4 35.Qb1 a6 36.Ke2 Qd8 37.a3 Nc6 38.Kf1 Qg5 39.Qb2 Qe5 40.g3 Kh7 41.Qd2 
Qd4 42.Ke2 g5 43.Kf1 Kg6 44.Ne2 Qa1+ 45.Qc1 Qa2 46.Qc3 Qb1+ 47.Nc1 Nd4 48.
Ke1 f5 49.exf5+ exf5 50.Kd1 Qb7 51.Qe1 Kf7 52.Qa5 Qf3+ 53.Ke1 Qh1+ 54.Kd2 
Qxc1+ 0-1

[Event "42nd Bosna it"]
[Site "Sarajevo YUG"]
[Date "2012.05.06"]
[Round "3.6"]
[White "Banusz, Tamas"]
[Black "Djukic, Nikola"]
[Result "1-0"]
[WhiteElo "2582"]
[BlackElo "2515"]
[EventDate "2012.05.05"]
[PlyCount "111"]

1.Nf3 Nf6 2.c4 g6 3.g3 Bg7 4.Bg2 O-O 5.O-O d5 6.cxd5 Nxd5 7.d4 Nb6 8.Nc3 
Nc6 9.d5 Nb4 10.e4 c6 11.a3 Na6 12.dxc6 bxc6 13.Qc2 Be6 14.Rd1 Qc8 15.Nd4 
Bg4 16.f3 c5 17.Nde2 Bh3 18.Bxh3 Qxh3 19.Nf4 Qc8 20.Nfd5 Qb7 21.Bf4 c4 22.
Be3 Nxd5 23.Rxd5 Qb3 24.Qxb3 cxb3 25.Na4 Nc7 26.Rd3 Ne6 27.Rxb3 Nd4 28.
Bxd4 Bxd4+ 29.Kf1 Rab8 30.Rxb8 Rxb8 31.Ke2 Bxb2 32.Rb1 Be5 33.Rxb8+ Bxb8 
34.Nc3 Bd6 35.a4 a6 36.Kd3 Kf8 37.Kc4 Ke8 38.f4 f6 39.Kd5 Kd7 40.f5 g5 41.
Nd1 g4 42.Nf2 h5 43.Nd3 Bc7 44.e5 fxe5 45.Nc5+ Ke8 46.Nxa6 Bb6 47.Nc5 Kf7 
48.Ne4 h4 49.gxh4 Bg1 50.a5 Bxh2 51.a6 Bg1 52.h5 Kg7 53.Ke6 Kh6 54.Kxe7 
Bc5+ 55.Nxc5 g3 56.a7 1-0

[Event "42nd Bosna it"]
[Site "Sarajevo YUG"]
[Date "2012.05.06"]
[Round "3.7"]
[White "Stojanovic, Dalibor"]
[Black "Ipatov, Alexander"]
[Result "1/2-1/2"]
[WhiteElo "2485"]
[BlackElo "2561"]
[EventDate "2012.05.05"]
[PlyCount "51"]

1.e4 c5 2.Nc3 Nc6 3.Bb5 Nd4 4.Bc4 e6 5.Nf3 Ne7 6.Nxd4 cxd4 7.Ne2 Nc6 8.O-O
g6 9.c3 Bg7 10.cxd4 Nxd4 11.Nxd4 Bxd4 12.d3 O-O 13.Qe2 b6 14.Be3 Qf6 15.
Rab1 Bb7 16.Bxd4 Qxd4 17.Qe3 Qxe3 18.fxe3 Rac8 19.Rbc1 Rc7 20.Rc3 Rfc8 21.
Rfc1 Kf8 22.Kf2 d6 23.Bb3 Rc5 24.Bd1 Ke7 25.Bf3 e5 26.Ke2 1/2-1/2

[Event "42nd Bosna it"]
[Site "Sarajevo YUG"]
[Date "2012.05.06"]
[Round "3.8"]
[White "Kadric, Denis"]
[Black "Postny, Evgeny"]
[Result "0-1"]
[WhiteElo "2407"]
[BlackElo "2651"]
[EventDate "2012.05.05"]
[PlyCount "88"]

1.e4 c6 2.Nc3 d5 3.Qe2 d4 4.Nd1 e5 5.d3 c5 6.g3 Nc6 7.f4 Bd6 8.Nf3 Nge7 9.
Bg2 f6 10.O-O Be6 11.fxe5 Bxe5 12.Nxe5 Nxe5 13.Nf2 Qd7 14.Bh3 O-O-O 15.
Bxe6 Qxe6 16.Bf4 N7c6 17.Qh5 g6 18.Qh3 Rde8 19.Qxe6+ Rxe6 20.Kg2 g5 21.Bd2
h5 22.h3 c4 23.a4 b6 24.g4 hxg4 25.hxg4 Re7 26.Rh1 Reh7 27.Rxh7 Rxh7 28.
Re1 cxd3 29.cxd3 Rc7 30.Kg3 Nd8 31.Bb4 Ndf7 32.Re2 Kd7 33.Ba3 Rc1 34.b4 
Rg1+ 35.Kh3 Nd8 36.Rc2 Ne6 37.Bc1 Nf4+ 38.Bxf4 gxf4 39.Kh4 Rg2 40.Kh3 f3 
41.Rb2 Ng6 42.Rd2 Ne5 43.Rb2 Nxg4 44.Nd1 Ne3 0-1

[Event "42nd Bosna it"]
[Site "Sarajevo YUG"]
[Date "2012.05.06"]
[Round "3.10"]
[White "Smith, Bryan Garrett"]
[Black "Brkic, Ante"]
[Result "1/2-1/2"]
[WhiteElo "2444"]
[BlackElo "2569"]
[EventDate "2012.05.05"]
[PlyCount "69"]

1.e4 c5 2.Nf3 d6 3.d4 cxd4 4.Nxd4 Nf6 5.Nc3 a6 6.Be3 e5 7.Nf3 Qc7 8.a4 Be6
9.Ng5 Bd7 10.a5 Be7 11.Be2 O-O 12.O-O h6 13.Nf3 Be6 14.Nd5 Nxd5 15.exd5 
Bg4 16.c4 Nd7 17.Nd2 Bxe2 18.Qxe2 f5 19.f3 Rae8 20.b4 Bg5 21.Bxg5 hxg5 22.
Qe3 Qd8 23.Rfd1 e4 24.fxe4 f4 25.Qe2 Ne5 26.Nf3 g4 27.Nxe5 Rxe5 28.Qxg4 
Rxe4 29.Re1 Qf6 30.Rxe4 Qxa1+ 31.Kf2 Qb2+ 32.Re2 Qd4+ 33.Kf3 Qd3+ 34.Kf2 
Qd4+ 35.Kf3 1/2-1/2

[Event "42nd Bosna it"]
[Site "Sarajevo YUG"]
[Date "2012.05.06"]
[Round "3.11"]
[White "Jankovic, Alojzije"]
[Black "Dizdarevic, Emir"]
[Result "1/2-1/2"]
[WhiteElo "2564"]
[BlackElo "2462"]
[EventDate "2012.05.05"]
[PlyCount "86"]

1.d4 e6 2.Nf3 c5 3.e4 cxd4 4.Nxd4 a6 5.Bd3 Nf6 6.O-O Qc7 7.Qe2 Bd6 8.h3 
Nc6 9.Be3 O-O 10.Nd2 Be7 11.f4 d6 12.c3 Bd7 13.g4 h6 14.N4f3 b5 15.a3 Na5 
16.Bd4 Bc6 17.g5 hxg5 18.Nxg5 e5 19.Be3 d5 20.fxe5 Nxe4 21.Bxe4 dxe4 22.
Ndxe4 Bxe4 23.Nxe4 Qxe5 24.Bd4 Qe6 25.Qg2 Qg6 26.Qxg6 fxg6 27.Rxf8+ Rxf8 
28.Re1 Nc4 29.Re2 a5 30.Nd2 Nxd2 31.Rxd2 Rf5 32.Bf2 a4 33.Rd7 Bg5 34.Bd4 
Rf7 35.Rd5 Rf5 36.Rd7 Rf7 37.Rd6 Bc1 38.c4 bxc4 39.Rxg6 Rb7 40.Rc6 Bxb2 
41.Bxb2 Rxb2 42.Rxc4 Rb3 43.Rxa4 Rxh3 1/2-1/2

[Event "42nd Bosna it"]
[Site "Sarajevo YUG"]
[Date "2012.05.06"]
[Round "3.12"]
[White "Bogut, Zeljko"]
[Black "Nabaty, Tamir"]
[Result "0-1"]
[WhiteElo "2426"]
[BlackElo "2553"]
[EventDate "2012.05.05"]
[PlyCount "78"]

1.e4 c6 2.d4 d5 3.Nc3 dxe4 4.Nxe4 Bf5 5.Ng3 Bg6 6.Bc4 Nd7 7.N1e2 Nb6 8.Bb3
a5 9.a4 e6 10.O-O Nf6 11.Nf4 Bd6 12.Re1 Nbd5 13.Nd3 h6 14.Ne5 Bh7 15.Nh5 
Nxh5 16.Qxh5 O-O 17.Bd2 Qc7 18.Nc4 Be7 19.Qf3 Bf6 20.Ne5 Rad8 21.c4 Nb4 
22.Bc3 Qb6 23.c5 Qc7 24.Rad1 Bc2 25.Bxc2 Nxc2 26.Re4 Bxe5 27.dxe5 Rd5 28.
Rc1 Nb4 29.Bxb4 axb4 30.Rxb4 Rfd8 31.g3 Rxe5 32.Qb3 Rd7 33.Kg2 Re2 34.Rc2 
Re1 35.Rcc4 Qe5 36.Qf3 f5 37.a5 g5 38.Qh5 Kh7 39.Rd4 Rg7 {Time} 0-1

[Event "42nd Bosna it"]
[Site "Sarajevo YUG"]
[Date "2012.05.06"]
[Round "3.13"]
[White "Batricevic, Sasa"]
[Black "Pancevski, Filip"]
[Result "1/2-1/2"]
[WhiteElo "2224"]
[BlackElo "2473"]
[EventDate "2012.05.05"]
[PlyCount "72"]

1.e4 g6 2.Nc3 Bg7 3.f4 c6 4.Nf3 d5 5.d3 dxe4 6.dxe4 Qxd1+ 7.Nxd1 Bg4 8.Nf2
Bxf3 9.gxf3 Nd7 10.Nd3 Bd4 11.Bh3 e6 12.Bd2 f5 13.O-O-O Ngf6 14.exf5 gxf5 
15.Rhe1 Kf7 16.Ne5+ Nxe5 17.fxe5 Nd5 18.Bh6 Bc5 19.c4 Nb6 20.Bf1 Rad8 21.
Be2 Kg6 22.Bf4 Rhg8 23.Kc2 Bf2 24.Rxd8 Rxd8 25.Rf1 Bc5 26.a3 a5 27.Bd2 a4 
28.Be1 Be3 29.f4 Rd4 30.Rf3 Bxf4 31.Bc3 Bxe5 32.Bxd4 Bxd4 33.Rg3+ Kf6 34.
Rh3 Kg7 35.Rg3+ Kf6 36.Rh3 Kg7 1/2-1/2

[Event "42nd Bosna it"]
[Site "Sarajevo YUG"]
[Date "2012.05.06"]
[Round "3.14"]
[White "Nestorovic, Dejan"]
[Black "Predojevic, Borki"]
[Result "1/2-1/2"]
[WhiteElo "2390"]
[BlackElo "2637"]
[EventDate "2012.05.05"]
[PlyCount "120"]

1.d4 Nf6 2.c4 b6 3.Nc3 Bb7 4.Qc2 d5 5.cxd5 Nxd5 6.Nf3 Nxc3 7.bxc3 g6 8.e4 
Bg7 9.Bb5+ Nd7 10.O-O O-O 11.Bg5 h6 12.Be3 e6 13.Rad1 Qe7 14.Rfe1 Nf6 15.
Bd3 c5 16.Bc1 Rac8 17.Ba3 Qc7 18.Qe2 Rfd8 19.Bb2 b5 20.g3 a5 21.e5 Nd5 22.
Bxb5 cxd4 23.cxd4 Nc3 24.Bxc3 Qxc3 25.Rd3 Qb4 26.a4 Bxf3 27.Rxf3 Rxd4 28.
Kg2 Qc5 29.Re3 Rcd8 30.Qf3 R4d5 31.Qf4 g5 32.Qc4 Qa7 33.h4 Rd4 34.Qc6 gxh4
35.gxh4 Rxh4 36.Rg3 Qd4 37.Qf3 Rf4 38.Qe3 Qxe3 39.Rgxe3 Rdd4 40.Rf3 Rfe4 
41.Rxe4 Rxe4 42.Be8 Kf8 43.Rxf7+ Kxe8 44.Rxg7 Rxa4 45.Rg6 Kd7 46.Rxh6 Re4 
47.Rh5 Kc6 48.f3 Rb4 49.Kg3 a4 50.Rh8 Kb7 51.Rh7+ Ka6 52.Rh6 Rb6 53.Kg4 a3
54.Rh1 Kb5 55.Kg5 Kc5 56.f4 Kd4 57.Rd1+ Ke4 58.Re1+ Kd4 59.Rd1+ Ke4 60.
Re1+ Kd4 1/2-1/2

[Event "42nd Bosna it"]
[Site "Sarajevo YUG"]
[Date "2012.05.06"]
[Round "3.15"]
[White "Nestorovic, Lazar"]
[Black "Antipov, Mikhail"]
[Result "0-1"]
[WhiteElo "2365"]
[BlackElo "2433"]
[EventDate "2012.05.05"]
[PlyCount "106"]

1.e4 c5 2.Nf3 d6 3.d4 cxd4 4.Nxd4 Nf6 5.Nc3 a6 6.h3 e5 7.Nde2 h5 8.g3 Be7 
9.Bg2 Be6 10.Be3 Nbd7 11.f4 Rc8 12.O-O b5 13.a3 Qc7 14.b3 Nc5 15.Nd5 Bxd5 
16.exd5 O-O 17.Rc1 Qb8 18.Qd2 Bd8 19.fxe5 dxe5 20.Nc3 Qd6 21.Rf5 g6 22.Rf2
Ncd7 23.Rcf1 Qxa3 24.d6 Ba5 25.Rxf6 Nxf6 26.Rxf6 Bxc3 27.Qd5 Kg7 28.Rf1 
Rcd8 29.d7 Qe7 30.Rd1 Qe6 31.Qc5 Bd4 32.Bxd4 exd4 33.Qxd4+ f6 34.Qd6 Qxd6 
35.Rxd6 Rf7 36.Bc6 b4 37.Re6 Rfxd7 38.Bxd7 Rxd7 39.Re2 Rc7 40.h4 Kf7 41.
Kf2 Rc3 42.Kg2 f5 43.Kf2 Kf6 44.Kg2 f4 45.gxf4 Kf5 46.Rf2 Kg4 47.Rd2 a5 
48.Kf2 Kxf4 49.Re2 Rh3 50.Re6 Rxh4 51.Rxg6 Rh2+ 52.Kg1 Rxc2 53.Ra6 Ra2 0-1

[Event "42nd Bosna it"]
[Site "Sarajevo YUG"]
[Date "2012.05.06"]
[Round "3.16"]
[White "Ivanov, Stojan"]
[Black "Tomic, Bosko"]
[Result "0-1"]
[WhiteElo "2263"]
[BlackElo "2418"]
[EventDate "2012.05.05"]
[PlyCount "146"]

1.Nf3 Nf6 2.d4 g6 3.g3 Bg7 4.Bg2 O-O 5.O-O d6 6.c4 Nc6 7.Nc3 Bg4 8.Ne1 Qd7
9.f3 Bh3 10.e4 Bxg2 11.Kxg2 Na5 12.b3 c5 13.Nc2 cxd4 14.Nxd4 Nc6 15.Be3 e6
16.Rc1 Rfd8 17.Qd2 Qe8 18.Rfd1 a6 19.Qf2 Rac8 20.h3 Qe7 21.Nde2 Rb8 22.Rd2
Ne8 23.Bb6 Rdc8 24.Rcd1 Bf8 25.g4 Ne5 26.f4 Nd7 27.Ba7 Ra8 28.Be3 Rd8 29.
Ng3 Rac8 30.Bd4 Bg7 31.Bxg7 Kxg7 32.Qd4+ Kg8 33.Qe3 Nb8 34.Rf2 Ng7 35.Kh2 
Nd7 36.Rfd2 Nf6 37.Qb6 Rc6 38.Qb4 e5 39.f5 h6 40.Rf2 Nh7 41.fxg6 fxg6 42.
Nd5 Qh4 43.Kg2 Rd7 44.Rh1 Ne6 45.Qe1 Qg5 46.Rhf1 Rg7 47.Qd2 Qh4 48.Qe1 Qg5
49.Qd2 Qh4 50.Qe3 Rc8 51.Qe1 Qg5 52.Qd2 Qh4 53.Qe1 Neg5 54.Rh1 Rf8 55.
Rxf8+ Nxf8 56.Nc3 Nfe6 57.Nge2 Qxe1 58.Rxe1 Nc5 59.Nc1 Nge6 60.b4 Nf4+ 61.
Kg3 Nce6 62.Rd1 Rc7 63.Rxd6 Rxc4 64.N1e2 Rxb4 65.Nxf4 exf4+ 66.Kf3 Kf7 67.
Rd7+ Ke8 68.Rd6 Ke7 69.Rxa6 Rd4 70.Ra3 Rd3+ 71.Kf2 Kd7 72.Rb3 Nc5 73.Ra3 
Rxc3 0-1

[Event "42nd Bosna it"]
[Site "Sarajevo YUG"]
[Date "2012.05.06"]
[Round "3.17"]
[White "Nikolova, Adriana"]
[Black "Bejtovic, Jasmin"]
[Result "1-0"]
[WhiteElo "2345"]
[BlackElo "2391"]
[EventDate "2012.05.05"]
[PlyCount "123"]

1.e4 c5 2.c3 e6 3.d4 d5 4.exd5 exd5 5.Nf3 Nc6 6.Bb5 Bd6 7.dxc5 Bxc5 8.O-O 
Ne7 9.Nbd2 O-O 10.Nb3 Bd6 11.Bd3 h6 12.h3 Bf5 13.Re1 Bxd3 14.Qxd3 Ng6 15.
Be3 Qd7 16.Rad1 Rad8 17.Nbd4 Rfe8 18.Qf5 Bb8 19.Qxd7 Rxd7 20.Nxc6 bxc6 21.
Bxh6 Rxe1+ 22.Rxe1 Rb7 23.Bc1 Bf4 24.Bxf4 Nxf4 25.b3 Kf8 26.g3 Ne6 27.Rd1 
Ke7 28.Ne5 Kd6 29.Nc4+ Kc7 30.Ne3 a5 31.Kg2 Kb6 32.f4 g6 33.f5 Nc5 34.c4 
Re7 35.Kf3 dxc4 36.Nxc4+ Kb5 37.fxg6 fxg6 38.Rd8 Ne6 39.Rb8+ Kc5 40.Ra8 
Ng5+ 41.Kg4 Ne4 42.Rxa5+ Kd4 43.h4 Nf2+ 44.Kg5 Re6 45.Kh6 Ne4 46.Kg7 Nxg3 
47.Kf7 Re2 48.Kxg6 Ne4 49.h5 Rg2+ 50.Kf7 Rf2+ 51.Ke7 Rh2 52.Nd6 Nc3 53.h6 
Nxa2 54.Nf7 Nc3 55.Rg5 Nd5+ 56.Kf8 Nf6 57.Rg6 Nh7+ 58.Kg7 Rf2 59.Nd8 Nf8 
60.Rf6 Rxf6 61.Kxf6 Nh7+ 62.Kg6 1-0

[Event "42nd Bosna it"]
[Site "Sarajevo YUG"]
[Date "2012.05.06"]
[Round "3.18"]
[White "Bistric, Faruk"]
[Black "Kamberovic, Senad"]
[Result "1-0"]
[WhiteElo "2383"]
[BlackElo "2280"]
[EventDate "2012.05.05"]
[PlyCount "171"]

1.f4 d5 2.Nf3 Bf5 3.g3 Nf6 4.Bg2 e6 5.O-O h6 6.d3 Be7 7.Nc3 O-O 8.Qe1 c5 
9.e4 Bh7 10.Ne5 Nc6 11.Nxc6 bxc6 12.Kh1 Rb8 13.Qe2 Nd7 14.b3 Bf6 15.Bd2 
Nb6 16.Rae1 c4 17.dxc4 dxc4 18.Nd1 cxb3 19.cxb3 c5 20.Ne3 Rc8 21.Ba5 Qd4 
22.Rd1 Qb2 23.Qxb2 Bxb2 24.Bxb6 axb6 25.Nc4 Bd4 26.Nxb6 Rc6 27.Nc4 Ra6 28.
Rd2 f6 29.e5 Bg6 30.Rc1 Be8 31.Bb7 Ra7 32.Be4 Bb5 33.exf6 gxf6 34.Kg2 e5 
35.f5 Rb8 36.Kf3 Bxc4 37.Rxc4 Kf8 38.Bd5 Ke7 39.Re2 Kd6 40.Be6 Rb6 41.Rcc2
Ra3 42.Kg4 Rb7 43.Kh5 Rg7 44.Re4 Rg5+ 45.Kh4 Rg7 46.Kh3 Rga7 47.Ree2 Rb7 
48.Bc4 Rb4 49.Bf7 Rb7 50.Bc4 Rb4 51.g4 Rb7 52.Kh4 Rg7 53.h3 Re7 54.Be6 Rb7
55.Kh5 Rg7 56.h4 Ra8 57.Rc4 Rga7 58.a4 Rb8 59.Rcc2 Rg7 60.Bc4 Ra8 61.Ra2 
Ra5 62.Re4 Ra8 63.a5 Rga7 64.a6 Kc6 65.Kg6 Rf8 66.Ra5 Bc3 67.Rb5 Rxa6 68.
Rxc5+ Kxc5 69.Bxa6 Kd5 70.Bb7+ Kd6 71.Rc4 Be1 72.Rc6+ Kd7 73.Rxf6 Rb8 74.
Rf7+ Kd6 75.Kh5 Bd2 76.Rh7 Rg8 77.Be4 Kc5 78.f6 Kd4 79.Rd7+ Ke3 80.Bf5 Bb4
81.Kxh6 e4 82.g5 Kf4 83.Bxe4 Kxe4 84.g6 Kf5 85.g7 Kxf6 86.Kh7 1-0

[Event "42nd Bosna it"]
[Site "Sarajevo YUG"]
[Date "2012.05.06"]
[Round "3.19"]
[White "Rasidovic, Sead"]
[Black "Sutkovic, Damir"]
[Result "1-0"]
[WhiteElo "2359"]
[BlackElo "2357"]
[EventDate "2012.05.05"]
[PlyCount "95"]

1.e4 c5 2.Nf3 e6 3.d4 cxd4 4.Nxd4 a6 5.c4 Nf6 6.Nc3 Bb4 7.Qf3 Qa5 8.Bd2 
Nc6 9.Nc2 O-O 10.a3 Be7 11.Nd5 Qd8 12.Nxe7+ Qxe7 13.Bc3 d5 14.Bxf6 gxf6 
15.exd5 exd5+ 16.Be2 dxc4 17.O-O Be6 18.Bxc4 Ne5 19.Qg3+ Kh8 20.Be2 Rg8 
21.Qe3 Bd5 22.g3 Rae8 23.Nb4 Bc4 24.Bxc4 Nxc4 25.Qc3 Ne5 26.Nd5 Qe6 27.
Rad1 Rc8 28.Qe3 Rc2 29.b3 Qf5 30.Qf4 Qxf4 31.Nxf4 Rc3 32.Nd5 Rxb3 33.Nxf6 
Rc8 34.a4 Kg7 35.Nh5+ Kg6 36.Nf4+ Kf5 37.Rd5 Rc4 38.a5 Rb5 39.Rxb5 axb5 
40.Rb1 Nf3+ 41.Kg2 Nd4 42.Kf1 Ra4 43.Ne2 Nf3 44.Kg2 Ne5 45.Rxb5 Kf6 46.Nc3
Ra3 47.Ne4+ Ke6 48.Ng5+ 1-0